LIBRARY & INFORMATION CENTRE, KCAET, TAVANUR

ONLINE PUBLIC ACCESS CATALOGUE (OPAC)

Normal view MARC view
  • Larbie, R

Entry Personal Name

Number of records used in: 1

001 - CONTROL NUMBER

  • control field: 6652

003 - CONTROL NUMBER IDENTIFIER

  • control field: OSt

005 - DATE AND TIME OF LATEST TRANSACTION

  • control field: 20241231123223.0

008 - FIXED-LENGTH DATA ELEMENTS

  • fixed length control field: 241231|| aca||aabn | a|a d

040 ## - CATALOGING SOURCE

  • Original cataloging agency: OSt
  • Transcribing agency: OSt

100 ## - HEADING--PERSONAL NAME

  • Personal name: Larbie, R

670 ## - SOURCE DATA FOUND

  • Source citation: Work cat.: (OSt)18787: Larbie, R, Servicing the Modern Construction Radio Receiver
free website counter